[Event "HUN-chT2 Barcza 1819"]
[Site "Hungary"]
[Date "2019.04.28"]
[Round "11.10"]
[White "Gal, Marcell"]
[Black "Venter, Mate"]
[Result "0-1"]
[WhiteElo "1269"]
[BlackElo "1692"]
[PlyCount "68"]
[EventDate "2018.09.23"]
[EventType "team-tourn"]
[EventRounds "11"]
[EventCountry "HUN"]
[SourceTitle "EXT 2021"]
[Source "ChessBase"]
[SourceDate "2020.10.23"]
[SourceVersion "1"]
[SourceVersionDate "2020.10.23"]
[SourceQuality "1"]
[WhiteTeam "Szirmabesenyo"]
[BlackTeam "Hajduboszormeny"]
[WhiteTeamCountry "HUN"]
[BlackTeamCountry "HUN"]

1. e4 Nf6 2. Nc3 d5 3. exd5 Nxd5 4. Nxd5 Qxd5 5. d4 Nc6 6. Nf3 Bf5 7. Be2 Nb4 8. 0-0 Nxc2 9. Bd3 Nxa1 10. Qa4+ Bd7 11. Qa3 e6 12. b4 Bb5 13. Bxb5+ Qxb5 14. Qb2 Qxb4 15. Qxa1 Bd6 16. Bd2 Qa4 17. Rb1 b6 18. Qb2 0-0 19. Bc3 f6 20. Re1 Rfe8 21. h3 a5 22. Rb1 Re7 23. Ne1 e5 24. dxe5 Bxe5 25. Bxe5 Rxe5 26. Nf3 Rd5 27. Qb3 Qxb3 28. axb3 Rad8 29. Kh2 Rd3 30. Ne1 Rd1 31. Rxd1 Rxd1 32. Nc2 Rd2 33. Na1 Rxf2 34. Kg3 Ra2 0-1

[Event "HUN-chT2 Barcza 1718"]
[Site "Hungary"]
[Date "2017.09.24"]
[Round "1.12"]
[White "Venter, Mate"]
[Black "Revesz, Istvan"]
[Result "1/2-1/2"]
[WhiteElo "1683"]
[BlackElo "1803"]
[PlyCount "24"]
[EventDate "2017.09.24"]
[EventType "team-tourn"]
[EventRounds "11"]
[EventCountry "HUN"]
[SourceTitle "EXT 2021"]
[Source "ChessBase"]
[SourceDate "2020.10.23"]
[SourceVersion "1"]
[SourceVersionDate "2020.10.23"]
[SourceQuality "1"]
[WhiteTeam "Hajduboszormeny"]
[BlackTeam "Tiszavasvar"]
[WhiteTeamCountry "HUN"]
[BlackTeamCountry "HUN"]

1. d4 Nf6 2. c4 e6 3. Nc3 Bb4 4. a3 Bxc3+ 5. bxc3 c5 6. Qc2 b6 7. e4 d6 8. Bg5 e5 9. d5 h6 10. Bd2 Nbd7 11. g3 Nf8 12. Nf3 Ng6 1/2-1/2